LEADER 01169nam a2200313 u 4500 001 000000032651 003 CaOOAMICUS 005 20070226112257.0 008 971022s1993 it u000 u ita u 020 $a8839404996 035 $a10773720 040 $aPUL(R)$bita 041 1 $aita$hger 100 1 $aStemberger, Günter.$0(OLS)http://pul/name/12739 240 10$aPharisäer, Sadduzäer, Essener.$lItaliano.$0(OLS)http://pul/title/45014 245 10$aFarisei, sadducei, esseni /$cGünter Stemberger. 260 $aBrescia :$bPaideia,$cc1993. 300 $a191 p. ;$c21 cm 490 1 $aStudi biblici ;$v105 500 $aInclude indici. 504 $aBibliografia: p. 183-[186]. 830 0$aStudi biblici (Paideia) ;$v105.$0(OLS)http://pul/title/88 850 $aPUL 852 $aPUL$W1$xSL Religione 1$y3$m10 M 105$j44964$nBK-PRI$b $qStampati$B44964$CPULBib$Z2$F44964 $H $81 941 1 $a8 961 $aINV: 70706. 996 $6020$a8839404996$9(OLS)http://pul/number/41002 996 $6245$aFarisei, sadducei, esseni$9(OLS)http://pul/title/45015 996 $6260$aBrescia :$bPaideia$9(OLS)http://pul/publisher/47884 LEADER 01649nam a2200361 a 4500 001 000000132342 003 CaOOAMICUS 005 20130116122712.0 008 130116s2011 it u000 u ita r 020 $a978-88-8123-753-1 040 $aPUL$bita 082 04$a321.8 245 00$aEtica e veritą in democrazia /$cLuciano Caimi (a cura di) ; Guido Formigoni ; Michele Nicoletti ; Luigi Franco Pizzolato ; con testi di Giuseppe Lazzati. 260 $aMilano :$bIn Dialogo,$c2011. 300 $a92 p. ;$c20 cm. 490 1 $aAgorą 500 $aSulla coperta: <> - Associazione fondata da Giuseppe Lazzati. 650 4$aEtica politica.$0(OLS)http://pul/subject/17437 650 4$aDemocrazia e morale.$0(OLS)http://pul/subject/6726 700 1 $aCaimi, Luciano.$0(OLS)http://pul/name/27155 700 1 $aFormigoni, Guido.$0(OLS)http://pul/name/145 700 1 $aNicoletti, Michele,$d1956-$0(OLS)http://pul/name/13650 700 1 $aPizzolato, Luigi Franco,$d1939-$0(OLS)http://pul/name/772 700 1 $aLazzati, Giuseppe,$d1909-1986.$0(OLS)http://pul/name/1014 830 0$aAgorą (In dialogo).$0(OLS)http://pul/title/167194 850 $aPUL 852 $aPUL$W1$xSL Diritto e Scienze Sociali 3$y79$m321. 8 CAILU 1$j152294$qDDC 21$B151646$CPULBib$Z2$F151646 $H121405 $82 941 1 $a9 996 $6020$a978-88-8123-753-1$9(OLS)http://pul/number/151511 996 $6082$a321.8$9(OLS)http://pul/classification/710 996 $6245$aEtica e veritą in democrazia$9(OLS)http://pul/title/167193 996 $6260$aMilano :$bIn Dialogo$9(OLS)http://pul/publisher/70207